[Event "SG Porz 2- SK Münster 1"]
[Site "Porz"]
[Date "2017.12.17"]
[Round "4.6"]
[White "Sabirov, Ramil"]
[Black "Bolwerk, Peter"]
[Result "0-1"]
[WhiteElo "2102"]
[BlackElo "2122"]
[PlyCount "114"]
[EventDate "2017.??.??"]
[WhiteTeam "SG Porz 2"]
[BlackTeam "SK Münster"]

1. Nf3 Nf6 2. c4 g6 3. g3 Bg7 4. Bg2 O-O 5. Nc3 d6 6. d4 c6 7. O-O Qa5 8. e4 e5
9. d5 cxd5 10. cxd5 Bd7 11. Rb1 Rc8 12. Qe2 Na6 13. Bd2 b5 14. b4 Qb6 15. Be3
Qb7 16. Qd3 Rc4 17. a3 Rac8 18. Rfc1 Ng4 19. Nd2 Nxe3 20. Qxe3 R4c7 21. Ne2 Bf6
22. Rxc7 Nxc7 23. Nb3 Na8 24. Rc1 Nb6 25. Na5 Qb8 26. Rxc8+ Qxc8 27. Qc3 Qb8
28. Bf1 Bg5 29. Nc1 Na4 30. Qc2 Qb6 31. Nc6 a6 32. Bd3 Qb7 33. Kg2 Nb6 34. Nb3
Qa8 35. Nba5 h5 36. h4 Bf6 37. Be2 {(=)} Qf8 38. Na7 Qb8 39. N7c6 Qa8 40. Kh2
Kh7 41. Bf3 Bg7 42. Kg2 Bh6 43. Kh2 Qc8 44. Kg2 f5 45. Qd3 f4 46. Qe2 Na4 47.
Qd3 Qf8 48. Qc2 fxg3 49. fxg3 Bh3+ 50. Kf2 Bg4 51. Qd3 Nb2 52. Qe2 Nc4 53. Kg2
Ne3+ 54. Kf2 Bh3 55. Kg1 Nf1 56. Kf2 Nd2 57. Nb7 Bg4 0-1

[Event "SG Porz 2- SK Münster 1"]
[Site "Porz"]
[Date "2017.12.17"]
[Round "4.7"]
[White "Rott, Georg"]
[Black "Finke, Kai"]
[Result "0-1"]
[WhiteElo "2149"]
[BlackElo "2096"]
[PlyCount "76"]
[EventDate "2017.??.??"]
[WhiteTeam "SK Münster"]
[BlackTeam "SG Porz 2"]

1. e4 c5 2. Nf3 d6 3. Bb5+ Nd7 4. d4 a6 5. Be2 cxd4 6. Qxd4 Ngf6 7. c4 g6 8.
Nc3 Bg7 9. Be3 O-O 10. Qd2 Nc5 11. Qc2 Bd7 12. Rd1 Qa5 13. O-O b5 14. a3 b4 15.
axb4 Qxb4 16. Bd4 Rfb8 17. Rb1 a5 18. Nd2 a4 19. Bxf6 exf6 20. Nd5 Qb7 21. f3
Be6 22. Rfd1 Bxd5 23. cxd5 f5 24. Nc4 fxe4 25. fxe4 Qe7 26. Bf3 Rb4 27. Qe2 Nb3
28. Qd3 Rc8 29. Na3 Nc5 30. Qd2 Rcb8 31. Qc2 Rxb2 32. Qc4 Qg5 33. Rxb2 Rxb2 34.
Nb5 Be5 35. Nd4 Qh4 36. h3 Qf2+ 37. Kh1 Qg3 38. Kg1 Qh2+ 0-1

[Event "SG Porz 2- SK Münster 1"]
[Site "Porz"]
[Date "2017.12.17"]
[Round "4.8"]
[White "Paulus, Jeffrey"]
[Black "Virnyi, Julius"]
[Result "1-0"]
[WhiteElo "2027"]
[BlackElo "2057"]
[PlyCount "103"]
[EventDate "2017.??.??"]
[WhiteTeam "SG Porz 2"]
[BlackTeam "SK Münster"]

1. d4 Nf6 2. Nf3 e6 3. Bf4 b6 4. e3 Bb7 5. Nbd2 d6 6. h3 g6 7. Bd3 Bg7 8. O-O
O-O 9. c3 Nbd7 10. Qe2 Qe7 11. e4 e5 12. dxe5 dxe5 13. Bg5 Nc5 14. Bc2 Ba6 15.
c4 Ne6 16. Be3 Nh5 17. g3 Nhf4 18. gxf4 exf4 19. Rab1 fxe3 20. Qxe3 c5 21. e5
Nd4 22. Be4 Rae8 23. Bd5 Bc8 24. Ne4 Nxf3+ 25. Qxf3 Bxe5 26. Rfe1 Bf5 27. Re2
Qh4 28. Kg2 Bd7 29. Rbe1 {(=)} Kg7 30. Nd6 Qg5+ 31. Kh1 Re7 32. Nxf7 Rfxf7 33.
Bxf7 Rxf7 34. Rxe5 Bf5 35. Qe3 Qh4 36. Re7 Qxh3+ 37. Qxh3 Bxh3 38. Kh2 Bf5 39.
Kg3 Kf6 40. Rxf7+ Kxf7 41. Re3 Be6 42. Ra3 a5 43. Rb3 Bxc4 44. Rxb6 Bxa2 45.
Ra6 Bb1 46. Kf4 h5 47. Rxa5 c4 48. Ra6 Ke7 49. Ke3 Bf5 50. Kd4 Be6 51. Ke5 g5
52. Rxe6+ 1-0

[Event "SF Essen-Katernberg  1 - SV Wattenschei"]
[Site "Oberliga NRW 2017/2018"]
[Date "2018.01.28"]
[Round "5.1"]
[White "Koscielski, Janusz"]
[Black "Tomic, Bosko"]
[Result "1/2-1/2"]
[WhiteElo "2280"]
[BlackElo "2355"]
[PlyCount "118"]
[EventDate "2018.??.??"]
[WhiteTeam "SV Wattenscheid 1"]
[BlackTeam "SF Essen-Katernberg  1"]

1. e4 c5 2. Nf3 d6 3. d4 cxd4 4. Nxd4 Nf6 5. Nc3 Nc6 6. Bg5 Bd7 7. Qd2 Rc8 8.
f3 a6 9. O-O-O e6 10. Kb1 Be7 11. h4 b5 12. Nxc6 Bxc6 13. Bd3 h6 14. Be3 Nd7
15. Bd4 Ne5 16. f4 Nxd3 17. Qxd3 b4 18. Ne2 Bb5 19. Qd2 Bxh4 20. g3 Bf6 21.
Bxf6 Qxf6 22. Qxd6 Qe7 23. Qxe7+ Kxe7 24. Nd4 Bd7 25. Rd3 Rc7 26. Rh5 Rb8 27.
Ra5 Rb6 28. e5 Rc4 29. b3 Rc7 30. Kb2 f6 31. a3 bxa3+ 32. Kxa3 Be8 33. Re3 Rd7
34. c3 h5 35. Kb2 Bg6 36. Rc5 Kf7 37. Rc8 fxe5 38. Rxe5 Rd5 39. Rxd5 exd5 40.
f5 Bh7 41. Rd8 Kf6 42. Rxd5 Bg8 43. Rd8 Bf7 44. Kc2 Ke7 45. Rh8 Rd6 46. Rc8 g5
47. fxg6 Rxg6 48. Rc6 Rxg3 49. Nf5+ Kd7 50. Nxg3 Kxc6 51. Nxh5 Bxh5 52. Kb2 Kd5
53. Ka3 Ke4 54. c4 Kd4 55. Kb2 Kd3 56. Ka3 Kc3 57. Ka2 Bg6 58. Ka3 Bc2 59. Ka2
Bxb3+ 1/2-1/2

[Event "SF Essen-Katernberg  1 - SV Wattenschei"]
[Site "Oberliga NRW 2017/2018"]
[Date "2018.01.28"]
[Round "5.2"]
[White "Rosen, Bernd"]
[Black "Wengenroth, Walter"]
[Result "1-0"]
[WhiteElo "2262"]
[BlackElo "2250"]
[Annotator "Daniel"]
[PlyCount "57"]
[EventDate "2018.??.??"]
[WhiteTeam "SF Essen-Katernberg  1"]
[BlackTeam "SV Wattenscheid 1"]

1. Nf3 c5 2. g3 b6 3. Bg2 Bb7 4. O-O Nf6 5. c4 e6 6. Nc3 Be7 7. Re1 d5 8. cxd5
exd5 9. d4 O-O 10. Bf4 Na6 11. Rc1 Ne4 12. dxc5 Bxc5 13. Nxe4 dxe4 14. Ne5 Re8
15. Nc4 Qf6 16. Qd7 Bc6 17. Qg4 Nb4 18. a3 Nd5 19. b4 Bf8 20. Be5 Qh6 21. Bf4
Qf6 $11 22. Ne3 Nxe3 23. Bxe3 a5 24. b5 Bxb5 25. Bxe4 Bd7 26. Bxh7+ Kxh7 27.
Qxd7 Rad8 28. Qb5 Re6 29. Bg5 1-0

[Event "SF Essen-Katernberg  1 - SV Wattenschei"]
[Site "Oberliga NRW 2017/2018"]
[Date "2018.01.28"]
[Round "5.3"]
[White "Franke, Johannes"]
[Black "Wessendorf, Thomas"]
[Result "1/2-1/2"]
[WhiteElo "2265"]
[BlackElo "2192"]
[PlyCount "47"]
[EventDate "2018.??.??"]
[WhiteTeam "SV Wattenscheid 1"]
[BlackTeam "SF Essen-Katernberg  1"]

1. d4 Nf6 2. Bf4 e6 3. e3 c5 4. c3 Nc6 5. Nd2 Be7 6. h3 O-O 7. Ngf3 b6 8. Bd3
Bb7 9. O-O Rc8 10. Re1 d6 11. Qe2 Re8 12. Rad1 Qd7 13. Ne4 Nxe4 14. Bxe4 Na5
15. Bd3 c4 16. Bb1 Bc6 17. e4 Bf8 18. e5 Bxf3 19. Qxf3 d5 20. h4 b5 21. a3 Nc6
22. g4 a5 23. Qg3 Rb8 24. Bd2 1/2-1/2

[Event "SF Essen-Katernberg  1 - SV Wattenschei"]
[Site "Oberliga NRW 2017/2018"]
[Date "2018.01.28"]
[Round "5.4"]
[White "Kueppers, Timo"]
[Black "Sandkamp, Ralph"]
[Result "1-0"]
[WhiteElo "2145"]
[BlackElo "2201"]
[PlyCount "117"]
[EventDate "2018.??.??"]
[WhiteTeam "SF Essen-Katernberg  1"]
[BlackTeam "SV Wattenscheid 1"]

1. e4 g6 2. d4 d6 3. Nc3 Bg7 4. f4 Nf6 5. Nf3 c5 6. Bb5+ Nbd7 7. e5 Ng4 8. e6
fxe6 9. Ng5 Qa5 10. Qxg4 cxd4 11. Qxe6 Rf8 12. Qd5 Rf5 13. Bxd7+ Bxd7 14. Qxa5
Rxa5 15. Ne2 Rc5 16. c3 dxc3 17. bxc3 Rxc3 18. Bb2 Re3 19. Bxg7 Bb5 20. O-O
Rxe2 21. Rfe1 Rc8 22. Nf3 Kf7 23. Bd4 a6 24. Rxe2 Bxe2 25. Kf2 Bxf3 26. Kxf3 b5
27. Re1 Rc4 28. Be3 a5 29. Rc1 Ra4 30. Rc2 Ke6 31. Rb2 b4 32. Rc2 Ra3 33. Ke4
b3 34. axb3 Rxb3 35. Ra2 d5+ 36. Kd4 Rb4+ 37. Kc3 Re4 38. Kd3 a4 39. g3 Kf5 40.
Bd4 g5 41. fxg5 e5 42. Ba1 Kxg5 43. h3 h5 44. Bc3 Kf5 45. Rf2+ Ke6 46. Rf8 Kd6
47. Re8 a3 48. Ra8 h4 49. g4 Rf4 50. Rxa3 d4 51. Bb4+ Kc6 52. Be7 Kd7 53. Ra7+
Ke6 54. Bxh4 Rf3+ 55. Kd2 Rxh3 56. Re7+ Kd5 57. Bf6 Re3 58. g5 e4 59. Rd7+ 1-0

[Event "SF Essen-Katernberg  1 - SV Wattenschei"]
[Site "Oberliga NRW 2017/2018"]
[Date "2018.01.28"]
[Round "5.5"]
[White "Straeter, Timo"]
[Black "Dahm, Bernd"]
[Result "1-0"]
[WhiteElo "2305"]
[BlackElo "2132"]
[PlyCount "105"]
[EventDate "2018.??.??"]
[WhiteTeam "SV Wattenscheid 1"]
[BlackTeam "SF Essen-Katernberg  1"]

1. d4 e6 2. Nf3 Nf6 3. Bg5 c5 4. e3 b6 5. Bd3 Bb7 6. O-O Be7 7. c3 O-O 8. Nbd2
d5 9. Ne5 Ne4 10. Bxe7 Qxe7 11. f4 Nxd2 12. Qxd2 f6 13. Nf3 Nc6 14. Rae1 c4 15.
Bc2 f5 16. Kh1 b5 17. Rg1 Kh8 18. g4 g6 19. Rg3 Rg8 20. Reg1 Raf8 21. Qg2 Qe8
22. Qh3 Bc8 23. Qh6 Qe7 24. gxf5 gxf5 25. Nh4 Rxg3 26. Rxg3 Rf6 27. Ng6+ Rxg6
28. Rxg6 Bd7 29. Bd1 Nd8 30. Rg3 Be8 31. Kg2 Nb7 32. Qg5 Qxg5 33. Rxg5 Nd6 34.
Bc2 a5 35. Kf2 a4 36. Ke1 Bg6 37. h4 Nf7 38. Rg1 Nd6 39. Kd2 Bh5 40. b3 axb3
41. axb3 cxb3 42. Bxb3 Nc4+ 43. Bxc4 bxc4 44. Ra1 Kg8 45. Ra7 Bf7 46. Kc2 Kg7
47. Kb2 Kf6 48. Ka3 h6 49. Kb4 Bh5 50. Kc5 Bf3 51. Kd6 Kg6 52. Kxe6 Be4 53. Rf7
1-0

[Event "SF Essen-Katernberg  1 - SV Wattenschei"]
[Site "Oberliga NRW 2017/2018"]
[Date "2018.01.28"]
[Round "5.6"]
[White "Heldt, Maximilian"]
[Black "Koerber, Matthias"]
[Result "1/2-1/2"]
[WhiteElo "2122"]
[BlackElo "2195"]
[Annotator "Daniel"]
[PlyCount "91"]
[EventDate "2018.??.??"]
[WhiteTeam "SF Essen-Katernberg  1"]
[BlackTeam "SV Wattenscheid 1"]

1. c4 c6 2. e4 d5 3. exd5 cxd5 4. cxd5 Nf6 5. Qa4+ Nbd7 6. Bc4 g6 7. d3 Bg7 8.
Nc3 O-O 9. Nf3 a6 10. Qa3 Nb6 11. Qb3 Bg4 12. Ne5 Bf5 13. O-O Qd6 14. Re1 Rad8
15. Bf4 Nh5 16. Nxg6 Qxg6 17. Bc7 Nxc4 18. dxc4 Rd7 19. Bg3 Nxg3 20. hxg3 Bd4
21. Ne2 Bc2 22. Qa3 Be5 23. Rac1 Rc8 24. Qf3 Be4 25. Qe3 Bxb2 26. Rcd1 Rxc4 27.
Qb3 Rc2 28. Nf4 Qg4 29. Rb1 Bd4 30. Rxe4 Bxf2+ 31. Kf1 Rdc7 32. Qa4 b5 33. Ne2
Qf5 34. Rf4 Qxd5 35. Qxa6 Ba7 36. Rg4+ Kh8 37. Qh6 Qf5+ 38. Rf4 Qg6 39. Qf8+
Qg8 40. Rxf7 $11 Rxa2 41. Nf4 Ra6 42. Rxb5 Qxf8 43. Rxf8+ Kg7 44. Rbf5 Rc2 45.
R8f7+ Kg8 46. Rf8+ 1/2-1/2

[Event "SF Essen-Katernberg  1 - SV Wattenschei"]
[Site "Oberliga NRW 2017/2018"]
[Date "2018.01.28"]
[Round "5.7"]
[White "Kaehmann, Joerg"]
[Black "Kaeding, Rainer"]
[Result "1/2-1/2"]
[WhiteElo "2135"]
[BlackElo "2129"]
[PlyCount "26"]
[EventDate "2018.??.??"]
[WhiteTeam "SV Wattenscheid 1"]
[BlackTeam "SF Essen-Katernberg  1"]

1. Nf3 d5 2. g3 c6 3. Bg2 Bg4 4. h3 Bxf3 5. Bxf3 Nd7 6. d3 e6 7. e4 Bd6 8. Qe2
Ne7 9. Nd2 Qb6 10. Bg2 O-O 11. Nf3 a5 12. O-O a4 13. a3 Qa6 1/2-1/2

[Event "SF Essen-Katernberg  1 - SV Wattenschei"]
[Site "Oberliga NRW 2017/2018"]
[Date "2018.01.28"]
[Round "5.8"]
[White "Villwock, Martin"]
[Black "Hirsch, Stefan"]
[Result "1-0"]
[WhiteElo "2101"]
[BlackElo "2139"]
[PlyCount "91"]
[EventDate "2018.??.??"]
[WhiteTeam "SF Essen-Katernberg  1"]
[BlackTeam "SV Wattenscheid 1"]

1. e4 e5 2. Nf3 Nc6 3. d4 exd4 4. Nxd4 Bb4+ 5. c3 Be7 6. Bc4 Nf6 7. Nxc6 bxc6
8. e5 Ne4 9. Qf3 d5 10. exd6 Nxd6 11. Bb3 O-O 12. O-O Bb7 13. Na3 Qc8 14. Re1
Re8 15. Bf4 Bf6 16. Nc4 Nxc4 17. Bxc4 Qd7 18. Rad1 Rxe1+ 19. Rxe1 Re8 20. Rxe8+
Qxe8 21. Qe3 Qxe3 22. Bxe3 a5 23. Bf4 Bd8 24. b4 axb4 25. cxb4 Be7 26. Bd2 Kf8
27. a4 Bd6 28. a5 Ke7 29. a6 Ba8 30. h4 Be5 31. Bg5+ Ke8 32. Be3 g6 33. f4 Bd6
34. Bd2 Be7 35. g3 Bd6 36. Kf2 Ke7 37. Bc3 Ke8 38. Ke3 Ke7 39. Kd4 Ke8 40. Bd3
Ke7 41. Kc4 Ke6 42. Bd4 Be7 43. Bc5 Bf6 44. Be4 Bb2 45. Kb3 Ba1 46. a7 1-0

[Event "SV Mülheim-Nord 2 - Oberhausener SV 1"]
[Site "Oberliga NRW 2017/2018"]
[Date "2018.01.28"]
[Round "5.1"]
[White "Hort, Vlastimil"]
[Black "Warmerdam, Max"]
[Result "1/2-1/2"]
[WhiteElo "2391"]
[BlackElo "2389"]
[PlyCount "102"]
[EventDate "2018.??.??"]
[WhiteTeam "Oberhausener SV 1"]
[BlackTeam "SV Mülheim-Nord 2"]

1. e4 c5 2. Nf3 e6 3. c4 Nc6 4. Nc3 Nf6 5. a3 Qc7 6. d3 a6 7. Bg5 Be7 8. Rc1 b6
9. h3 Bb7 10. Be2 h6 11. Be3 d6 12. O-O O-O 13. d4 cxd4 14. Nxd4 Nb8 15. Qc2
Nbd7 16. f4 Rfe8 17. b4 Rac8 18. Qb1 Qb8 19. Nb3 Qa8 20. Nd2 Rc7 21. Bf3 Rec8
22. Qb2 Bf8 23. Rfe1 g6 24. a4 Bg7 25. Bf2 g5 26. fxg5 hxg5 27. Bd4 Ne5 28.
Bxe5 dxe5 29. Nd1 Rd7 30. Nf2 Qb8 31. Nb3 Bf8 32. c5 bxc5 33. Nxc5 Bxc5 34.
Rxc5 Rd4 35. Rxc8+ Qxc8 36. Rc1 Qd7 37. b5 Qd6 38. bxa6 Bxa6 39. a5 Nd7 40. Qc3
Rc4 41. Qe3 f6 42. Rxc4 Bxc4 43. Be2 Bxe2 44. Qxe2 Qa3 45. a6 Nc5 46. Ng4 Kg7
47. Qc4 f5 48. Nf2 Nxa6 49. Qxe6 Qc1+ 50. Kh2 Qf4+ 51. Kg1 Qc1+ 1/2-1/2

[Event "SV Mülheim-Nord 2 - Oberhausener SV 1"]
[Site "Oberliga NRW 2017/2018"]
[Date "2018.01.28"]
[Round "5.2"]
[White "Rezasade, Amir"]
[Black "Litwak, Aleksej"]
[Result "1-0"]
[WhiteElo "2318"]
[BlackElo "2306"]
[PlyCount "133"]
[EventDate "2018.??.??"]
[WhiteTeam "SV Mülheim-Nord 2"]
[BlackTeam "Oberhausener SV 1"]

1. d4 Nf6 2. c4 e6 3. Nf3 b6 4. g3 Ba6 5. b3 b5 6. cxb5 Bxb5 7. Bg2 d5 8. O-O
Nbd7 9. Nc3 Ba6 10. Ne5 Bd6 11. Nc6 Qc8 12. a3 Qb7 13. Na5 Qb6 14. b4 O-O 15.
Bg5 h6 16. Bxf6 Nxf6 17. Re1 Rad8 18. Na4 Qb5 19. e4 dxe4 20. Bf1 Qf5 21. Bxa6
Ng4 22. Ra2 Qh5 23. f4 exf3 24. Qxf3 f5 25. Bc4 Kh8 26. Bxe6 Rde8 27. Nc4 f4
28. Nxd6 cxd6 29. Rae2 Rxe6 30. Rxe6 Qxh2+ 31. Kf1 Qc2 32. R6e2 Nh2+ 33. Rxh2
Qxh2 34. g4 Qc2 35. Nc3 Qb3 36. Kg2 Qxa3 37. Nd5 Qb2+ 38. Qf2 f3+ 39. Kg3 Qb3
40. Nf4 Kg8 41. Ng6 Rf6 42. Ne7+ Kf8 43. b5 d5 44. Re5 Qxb5 45. Qc2 Qb8 46. Qh7
Kf7 47. g5 f2 48. gxf6 Qb3+ 49. Kxf2 Qb2+ 50. Re2 Qxd4+ 51. Kg3 Qg1+ 52. Kf3
Qf1+ 53. Ke3 Qc1+ 54. Kd4 Qa1+ 55. Kc5 Qa3+ 56. Kc6 Qa6+ 57. Kc7 Qb6+ 58. Kd7
Qb7+ 59. Kd6 Qb8+ 60. Kxd5 Qb5+ 61. Kd4 Qb4+ 62. Ke5 Qc3+ 63. Kf4 Qc1+ 64. Re3
Qf1+ 65. Ke5 Qa1+ 66. Kd6 Qxf6+ 67. Kd5 1-0

[Event "SV Mülheim-Nord 2 - Oberhausener SV 1"]
[Site "Oberliga NRW 2017/2018"]
[Date "2018.01.28"]
[Round "5.3"]
[White "Becker, Marcel"]
[Black "Buckels, Valentin"]
[Result "1-0"]
[WhiteElo "2262"]
[BlackElo "2329"]
[PlyCount "85"]
[EventDate "2018.??.??"]
[WhiteTeam "Oberhausener SV 1"]
[BlackTeam "SV Mülheim-Nord 2"]

1. d4 Nf6 2. c4 e6 3. Nc3 Bb4 4. Qc2 O-O 5. Nf3 c5 6. dxc5 Na6 7. g3 Nxc5 8.
Bg2 b6 9. O-O Bb7 10. Nb5 Be4 11. Qd1 Nb7 12. a3 Be7 13. Nc3 Bc6 14. Qc2 Nd6
15. b3 Rc8 16. Rd1 b5 17. Bf4 Nb7 18. cxb5 Bxb5 19. Nd4 Ba6 20. Nc6 Qe8 21.
Nxe7+ Qxe7 22. Bxb7 Bxb7 23. Bd6 Qd8 24. Bxf8 Qxf8 25. Qb2 Rc5 26. Rac1 Rh5 27.
Rd4 g5 28. f3 g4 29. Ne4 Nxe4 30. fxe4 Bc6 31. b4 e5 32. Rxc6 dxc6 33. Rd7 Qh6
34. Qb3 Qf6 35. Qe3 a6 36. Qc5 Rh6 37. Re7 Rh5 38. Re8+ Kg7 39. Qf8+ Kg6 40.
Rd8 Qg5 41. Rd6+ f6 42. Qg8+ Kh6 43. Qxg5+ 1-0

[Event "SV Mülheim-Nord 2 - Oberhausener SV 1"]
[Site "Oberliga NRW 2017/2018"]
[Date "2018.01.28"]
[Round "5.4"]
[White "van Osch, Mees"]
[Black "Stillger, Bernhard"]
[Result "0-1"]
[WhiteElo "2265"]
[BlackElo "2272"]
[PlyCount "92"]
[EventDate "2018.??.??"]
[WhiteTeam "SV Mülheim-Nord 2"]
[BlackTeam "Oberhausener SV 1"]

1. e4 e6 2. d4 d5 3. Nc3 Nc6 4. e5 a6 5. f4 Nh6 6. Nf3 Nf5 7. g4 Nh4 8. Be3 h5
9. h3 Nxf3+ 10. Qxf3 Qh4+ 11. Bf2 hxg4 12. Qe3 Nxd4 13. Qxd4 g3 14. Ne2 gxf2+
15. Qxf2 Bc5 16. Qxh4 Rxh4 17. Bg2 Bd7 18. Rf1 g6 19. c3 Ke7 20. Nd4 Bxd4 21.
cxd4 g5 22. Rc1 c6 23. Rc3 gxf4 24. Rb3 b5 25. Rbf3 Rg8 26. Kf2 a5 27. Kg1 f6
28. exf6+ Kxf6 29. Rxf4+ Rxf4 30. Rxf4+ Ke7 31. Kf2 c5 32. dxc5 Rc8 33. Kg3
Rxc5 34. h4 Be8 35. Bf3 Rc4 36. h5 Rxf4 37. Kxf4 Kf6 38. Ke3 Kg5 39. Kd4 Bxh5
40. Bxd5 exd5 41. Kxd5 Kf4 42. Kc5 Be2 43. a4 bxa4 44. Kd4 Bd1 45. Kc3 Ke3 46.
b4 axb3 0-1

[Event "SV Mülheim-Nord 2 - Oberhausener SV 1"]
[Site "Oberliga NRW 2017/2018"]
[Date "2018.01.28"]
[Round "5.5"]
[White "Kaufeld, Juergen"]
[Black "Kahleys, Kevin"]
[Result "1/2-1/2"]
[WhiteElo "2246"]
[BlackElo "2185"]
[PlyCount "89"]
[EventDate "2018.??.??"]
[WhiteTeam "Oberhausener SV 1"]
[BlackTeam "SV Mülheim-Nord 2"]

1. e4 e6 2. d4 d5 3. Nc3 Nf6 4. Bg5 Be7 5. e5 Nfd7 6. Bxe7 Qxe7 7. f4 Nb6 8.
Nf3 c5 9. Bd3 Bd7 10. Qd2 cxd4 11. Ne2 Nc4 12. Bxc4 dxc4 13. Nexd4 Bc6 14.
O-O-O Bxf3 15. gxf3 a6 16. f5 Nd7 17. Rhg1 O-O-O 18. f4 g6 19. fxe6 fxe6 20.
Qe2 Nb6 21. c3 Kb8 22. Rd2 Rd5 23. Rgd1 Rc8 24. Qg4 Re8 25. h4 Na4 26. Qe2 Rc8
27. Nf3 Rb5 28. Rc2 Nc5 29. Qxc4 Nb3+ 30. Qxb3 Rxb3 31. axb3 Qc5 32. Rd4 Qc6
33. Rf2 Qb6 34. Kc2 Rf8 35. Rfd2 Qc6 36. Ng5 h6 37. Rd6 Qh1 38. Nxe6 Rc8 39. b4
Qxh4 40. Rd8 Rxd8 41. Rxd8+ Ka7 42. Rd7 Kb8 43. Rd8+ Ka7 44. Rd7 Kb8 45. Rd8+
1/2-1/2

[Event "SV Mülheim-Nord 2 - Oberhausener SV 1"]
[Site "Oberliga NRW 2017/2018"]
[Date "2018.01.28"]
[Round "5.6"]
[White "Nachbar, Benjamin"]
[Black "Kummerow, Heiko"]
[Result "1/2-1/2"]
[WhiteElo "2062"]
[BlackElo "2154"]
[PlyCount "37"]
[EventDate "2018.??.??"]
[WhiteTeam "SV Mülheim-Nord 2"]
[BlackTeam "Oberhausener SV 1"]

1. d4 Nf6 2. c4 g6 3. Nc3 Bg7 4. e4 d6 5. Nf3 O-O 6. Be2 e5 7. d5 a5 8. h4 Na6
9. Nd2 c6 10. h5 Bd7 11. g4 cxd5 12. cxd5 Nc5 13. g5 Ne8 14. Nb3 b6 15. Be3 a4
16. Nd2 Rb8 17. b4 axb3 18. axb3 b5 19. b4 1/2-1/2

[Event "SV Mülheim-Nord 2 - Oberhausener SV 1"]
[Site "Oberliga NRW 2017/2018"]
[Date "2018.01.28"]
[Round "5.7"]
[White "Ciornei, Dragos"]
[Black "Krueger, Andre"]
[Result "1/2-1/2"]
[WhiteElo "2035"]
[BlackElo "2022"]
[PlyCount "37"]
[EventDate "2018.??.??"]
[WhiteTeam "Oberhausener SV 1"]
[BlackTeam "SV Mülheim-Nord 2"]

1. e4 c5 2. Nf3 Nc6 3. d4 cxd4 4. Nxd4 Qc7 5. Nc3 e6 6. g3 a6 7. Bg2 Nf6 8. Nb3
Be7 9. O-O d6 10. f4 O-O 11. Be3 Nd7 12. Qe2 b5 13. a3 Bb7 14. Rad1 Rac8 15. g4
Nb6 16. g5 Rfe8 17. Rf3 b4 18. axb4 Nxb4 19. Rh3 1/2-1/2

[Event "SV Mülheim-Nord 2 - Oberhausener SV 1"]
[Site "Oberliga NRW 2017/2018"]
[Date "2018.01.28"]
[Round "5.8"]
[White "Walter, Andreas"]
[Black "Voge, Andreas"]
[Result "1-0"]
[WhiteElo "2131"]
[BlackElo "2055"]
[PlyCount "59"]
[EventDate "2018.??.??"]
[WhiteTeam "SV Mülheim-Nord 2"]
[BlackTeam "Oberhausener SV 1"]

1. d4 d5 2. c4 Nc6 3. Nc3 dxc4 4. d5 Ne5 5. f4 Ng4 6. e4 e5 7. Nf3 Bc5 8. h3
Nf2 9. Qa4+ Bd7 10. Qxc4 Qe7 11. Rh2 exf4 12. Bxf4 Nf6 13. e5 O-O 14. Be2 b5
15. exf6 gxf6 16. d6 cxd6 17. Nd5 Qe6 18. Qb3 Rae8 19. Ne3 Qe4 20. g3 Nxh3 21.
Nd5 Re6 22. O-O-O Nxf4 23. gxf4 Rc8 24. Bd3 Be3+ 25. Kb1 Qxf3 26. f5 Re5 27.
Nxf6+ Kg7 28. Rxh7+ Kxf6 29. Qxf7+ Kg5 30. Qg6+ 1-0

[Event "SK Münster 1 - Bochumer SV 1"]
[Site "Oberliga NRW 2017/2018"]
[Date "2018.01.28"]
[Round "5.1"]
[White "Zaitsev, Mikhail"]
[Black "Holtel, Jasper"]
[Result "1-0"]
[WhiteElo "2422"]
[BlackElo "2135"]
[PlyCount "81"]
[EventDate "2018.??.??"]
[WhiteTeam "Bochumer SV 1"]
[BlackTeam "SK Münster 1"]

1. e4 c5 2. Nf3 d6 3. g3 g6 4. Bg2 Bg7 5. O-O Nc6 6. c3 e5 7. a3 Nge7 8. b4 a6
9. d3 O-O 10. Nbd2 h6 11. Rb1 Be6 12. Nc4 d5 13. Ncd2 cxb4 14. axb4 b5 15. Bb2
Rc8 16. exd5 Nxd5 17. Ne4 Nb6 18. Nc5 Bd5 19. Ra1 Nb8 20. Re1 Re8 21. Nd2 Bf8
22. Bxd5 Qxd5 23. Ndb3 Rcd8 24. Qc2 h5 25. h4 Bg7 26. Bc1 Rd6 27. Be3 Nc8 28.
Ra3 Ne7 29. c4 Qc6 30. Na5 Qc8 31. Ne4 Re6 32. Rc3 bxc4 33. Rxc4 Qd8 34. Nc5
Rf6 35. d4 Nf5 36. dxe5 Rxe5 37. Ne4 Re8 38. Bg5 Nd4 39. Rxd4 Qxd4 40. Nxf6+
Bxf6 41. Rxe8+ 1-0

[Event "SK Münster 1 - Bochumer SV 1"]
[Site "Oberliga NRW 2017/2018"]
[Date "2018.01.28"]
[Round "5.2"]
[White "Webb, Laurence"]
[Black "Illner, Achim"]
[Result "1/2-1/2"]
[WhiteElo "2255"]
[BlackElo "2445"]
[PlyCount "113"]
[EventDate "2018.??.??"]
[WhiteTeam "SK Münster 1"]
[BlackTeam "Bochumer SV 1"]

1. d4 Nf6 2. c4 e6 3. Nc3 d5 4. Nf3 c6 5. Bg5 h6 6. Bxf6 Qxf6 7. e3 Nd7 8. Bd3
g6 9. O-O Bg7 10. e4 dxc4 11. e5 Qe7 12. Bxc4 O-O 13. Re1 Rd8 14. Qe2 a6 15.
Bb3 b5 16. Rac1 c5 17. d5 Bb7 18. Rcd1 c4 19. Bc2 exd5 20. Nxd5 Bxd5 21. Rxd5
Nc5 22. Red1 Rxd5 23. Rxd5 Rd8 24. Rxd8+ Qxd8 25. h4 Qd5 26. Kf1 Nd3 27. b3
Nxe5 28. Nxe5 cxb3 29. Bxb3 Qxe5 30. Qxe5 Bxe5 31. Ke2 Kg7 32. Kd3 a5 33. Bd1
h5 34. Ke4 Bc3 35. Be2 b4 36. Bd1 f6 37. Bb3 f5+ 38. Ke3 Kf6 39. g3 Ke5 40. f4+
Kd6 41. Ba4 Be1 42. Be8 Bxg3 43. Bxg6 a4 44. Kd3 Ke6 45. Bxh5 Bxh4 46. Bd1 b3
47. axb3 a3 48. b4 Bg3 49. Kc3 Bxf4 50. Kb3 Bc1 51. b5 Kd5 52. Bf3+ Kc5 53. Bc6
f4 54. Ka2 Kb6 55. Kb3 f3 56. Bxf3 Kxb5 57. Ka2 1/2-1/2

[Event "SK Münster 1 - Bochumer SV 1"]
[Site "Oberliga NRW 2017/2018"]
[Date "2018.01.28"]
[Round "5.3"]
[White "Schneider, Bernd"]
[Black "Muschik, Benedikt"]
[Result "0-1"]
[WhiteElo "2287"]
[BlackElo "2207"]
[PlyCount "70"]
[EventDate "2018.??.??"]
[WhiteTeam "Bochumer SV 1"]
[BlackTeam "SK Münster 1"]

1. d4 g6 2. e4 Bg7 3. Nc3 d6 4. Be3 a6 5. a4 b6 6. g3 Bb7 7. Bg2 Nd7 8. Nge2 e6
9. Qd2 h6 10. O-O Ne7 11. d5 exd5 12. Bd4 O-O 13. Bxg7 Kxg7 14. exd5 Nf6 15.
Ne4 Nxe4 16. Bxe4 Ng8 17. Nf4 Qf6 18. c4 Rfe8 19. Rfe1 a5 20. Ra3 Re5 21. Rf3
Qg5 22. Rfe3 Rae8 23. h4 Qf6 24. b4 axb4 25. Nd3 R5e7 26. Nxb4 h5 27. Kg2 Nh6
28. Rf3 Nf5 29. Bxf5 Rxe1 30. Be6 Qxf3+ 31. Kxf3 R1xe6 32. Nd3 Re4 33. Qc3+ Kg8
34. a5 b5 35. a6 Rxc4 0-1

[Event "SK Münster 1 - Bochumer SV 1"]
[Site "Oberliga NRW 2017/2018"]
[Date "2018.01.28"]
[Round "5.4"]
[White "Wolter, Kai"]
[Black "Heinbuch, Detlef Ulrich"]
[Result "1/2-1/2"]
[WhiteElo "2205"]
[BlackElo "2239"]
[PlyCount "64"]
[EventDate "2018.??.??"]
[WhiteTeam "SK Münster 1"]
[BlackTeam "Bochumer SV 1"]

1. e4 c6 2. d4 d5 3. e5 Bf5 4. c3 e6 5. Be3 Qb6 6. Qb3 Nd7 7. Nd2 f6 8. f4 g5
9. Ngf3 gxf4 10. Bxf4 Bh6 11. Bxh6 Nxh6 12. exf6 Nxf6 13. Qxb6 axb6 14. h3 O-O
15. g4 Be4 16. Be2 Nf7 17. O-O Bg6 18. a3 Nd7 19. Rae1 Rae8 20. c4 Nd6 21. Nh4
Rxf1+ 22. Bxf1 Kf7 23. Nhf3 h6 24. cxd5 exd5 25. Rxe8 Nxe8 26. Kf2 Kf6 27. h4
Nd6 28. Bh3 Ke7 29. g5 Bf5 30. gxh6 Kf6 31. Bxf5 Nxf5 32. h7 Kg7 1/2-1/2

[Event "SK Münster 1 - Bochumer SV 1"]
[Site "Oberliga NRW 2017/2018"]
[Date "2018.01.28"]
[Round "5.5"]
[White "Wolter, Detlev"]
[Black "Chilla, Jan Eric"]
[Result "1/2-1/2"]
[WhiteElo "2211"]
[BlackElo "2153"]
[PlyCount "48"]
[EventDate "2018.??.??"]
[WhiteTeam "Bochumer SV 1"]
[BlackTeam "SK Münster 1"]

1. d4 Nf6 2. c4 e6 3. Nc3 Bb4 4. e3 O-O 5. Nge2 Re8 6. a3 Bf8 7. g3 d5 8. Bg2
a5 9. b3 Na6 10. O-O c6 11. Bb2 g6 12. Qc2 Bg7 13. Rad1 Qe7 14. h3 h5 15. Rfe1
Rb8 16. e4 dxe4 17. Nxe4 Nxe4 18. Qxe4 c5 19. Qc2 cxd4 20. Nxd4 Bd7 21. Qd2 Nc5
22. b4 Ba4 23. Rc1 Na6 24. b5 Nc5 1/2-1/2